Nový ekonomicko-etický prístup na globálnom trhu práce
Nová epochálna zmena v našom vývoji vznikom reálneho transnacionálneho kapitálu a globálneho integrovaného systému produkcie a finančného systému. Vystupujú výrazne kvalitatívne zmeny, vznikajú nové vzťahy a interakcie, ktoré spôsobujú kontrasty medzi možnosťami a skutočnosťou. Dotýka sa to ako ekon...
Salvato in:
| Autore principale: | |
|---|---|
| Natura: | Capitolo di libro |
| Lingua: | slovacco |
| Soggetti: | |
| Tags: |
Nessun Tag, puoi essere il primo ad aggiungerne!!
|
MARC
| LEADER | 00000nla a2200000 4500 | ||
|---|---|---|---|
| 001 | 0170013 | ||
| 005 | 20240502072938.0 | ||
| 041 | 0 | |a slo | |
| 044 | |a SK | ||
| 245 | 1 | 0 | |a Nový ekonomicko-etický prístup na globálnom trhu práce |c Július Alexy |
| 520 | |a Nová epochálna zmena v našom vývoji vznikom reálneho transnacionálneho kapitálu a globálneho integrovaného systému produkcie a finančného systému. Vystupujú výrazne kvalitatívne zmeny, vznikajú nové vzťahy a interakcie, ktoré spôsobujú kontrasty medzi možnosťami a skutočnosťou. Dotýka sa to ako ekonomickej, technickej, vedecko-výskumnej i inovačnej oblasti. Tieto vzťahy vytvárajú rizikové faktory v transformačných procesoch ústiacich často do nežiaducich konfliktov medzi civilizovaným svetom. Vystáva otázka, kde sú hranice kultúrnych odlišností a konfliktov, kde sa stráca etika a morálka. | ||
| 610 | 2 | 0 | |a hospodárstvo svetové |
| 610 | 2 | 0 | |a globalizácia |
| 610 | 2 | 0 | |a globalizácia hospodárstva |
| 610 | 2 | 0 | |a vzťahy politické medzinárodné |
| 610 | 2 | 0 | |a vzťahy hospodárske medzinárodné |
| 610 | 2 | 0 | |a etika |
| 610 | 2 | 0 | |a morálka |
| 610 | 2 | 0 | |a vedomosti |
| 610 | 2 | 0 | |a zamestnanosť |
| 610 | 2 | 0 | |a modely |
| 610 | 2 | 0 | |a trh práce |
| 100 | 1 | |a Alexy, Július, 1926-2024 | |